|
|
|
|
| LEADER |
00000nam a2200000 a 4500 |
| 001 |
vtls009285376 |
| 003 |
SK-MaSNL |
| 005 |
20260301081607.0 |
| 008 |
240314s2008 xo oa g 000 0 slo |
| 015 |
|
|
|a SNBA2009/08-04340
|
| 020 |
|
|
|a 9788096989201
|q (brož.)
|
| 035 |
|
|
|a 491C8BF7-1D0D-4FEA-9BA1-4112582755DC
|
| 035 |
|
|
|a urn:nbn:sk:snk-amky57
|
| 035 |
|
|
|a urn:nbn:sk:snk-am008qem
|
| 040 |
|
|
|a SNK
|b slo
|c SNK
|e AACR2
|
| 041 |
0 |
|
|a slo
|
| 044 |
|
|
|a xo
|c SK
|
| 072 |
|
7 |
|a 37
|x Výchova a vzdelávanie
|2 konspekt
|
| 072 |
|
7 |
|a 79
|x Rekreácia. Voľný čas. Zábavy. Hry. Šport
|2 konspekt
|
| 080 |
|
|
|a 316.346.32-053.5
|2 2001
|
| 080 |
|
|
|a 79
|2 2001
|
| 080 |
|
|
|a 379.8
|2 2001
|
| 080 |
|
|
|a 379.83/.84
|2 2001
|
| 080 |
|
|
|a 379.8:793/796
|2 2001
|
| 080 |
|
|
|a (035)
|2 2001
|
| 100 |
1 |
|
|a Friedrich, Zdeněk
|4 aut
|9 376595
|
| 245 |
1 |
0 |
|a Detské tábory
|b bezpečnosť detí pri hrách a činnostiach
|c Zdeněk Friedrich
|
| 250 |
|
|
|a [1. vyd.]
|
| 260 |
|
|
|a Bratislava
|b Zdeněk Friedrich
|c 2008
|
| 300 |
|
|
|a 124 s.
|b fotogr., ilustr.
|c 21 cm
|
| 650 |
0 |
7 |
|a detské tábory
|2 SNKPH
|9 30299
|
| 650 |
0 |
7 |
|a Camps for children
|2 SNKPHeng
|9 276013
|
| 650 |
0 |
7 |
|a deti školského veku
|2 SNKPH
|9 1227
|
| 650 |
0 |
7 |
|a voľný čas
|2 SNKPH
|9 3355
|
| 650 |
0 |
7 |
|a Games
|2 SNKPHeng
|9 302601
|
| 650 |
0 |
7 |
|a Leisure
|2 SNKPHeng
|9 266400
|
| 650 |
0 |
7 |
|a hry
|2 SNKPH
|9 1856
|
| 650 |
0 |
7 |
|a School children
|2 SNKPHeng
|9 312970
|
| 655 |
|
7 |
|a príručky
|2 SNKPH
|9 74364
|
| 655 |
|
7 |
|a Handbooks, manuals, etc.
|2 SNKPHeng
|9 90964
|
| 919 |
|
|
|a 978-80-969892-0-1
|
| 958 |
|
|
|a OND
|
| 968 |
|
|
|d 37
|
| 999 |
|
|
|c 656307
|d 658237
|
| 952 |
|
|
|a SNK
|b SNK
|y PREZ
|7 0
|p 17A0586227
|o snkSC 131634
|i snk2008/8586
|8 0
|0 0
|1 0
|4 0
|d 2008-04-15
|f 1
|l 0
|r 2025-06-23 00:00:00
|w 2026-02-23
|
| 952 |
|
|
|a SNK
|b SNK
|y VYP
|7 0
|p 17A0586228
|o snkSC 131634 D1
|i snk2008/8587
|8 0
|0 0
|1 0
|4 0
|d 2008-04-15
|l 0
|r 2026-02-23 18:37:21
|w 2026-02-23
|